Loading...
| Social Science | 0 | 3 | 0 | 1 | 30 | 71 | 87.67 | 0 | 0 | 5.87 | 10.17 |
| History - World | 0 | 3 | 0 | 1 | 30 | 64 | 97.33 | 0 | 2 | 5.77 | 14.63 |
| History - American | 0 | 2 | 0 | 0 | 20 | 62 | 72.00 | 0 | 0 | 8.02 | 8.60 |
| Current Events | 0 | 2 | 0 | 1 | 20 | 24 | 76.50 | 0 | 1 | 27.08 | 26.67 |
| Fine Arts - Painting and Sculpture | 0 | 2 | 0 | 0 | 20 | 81 | 85.00 | 0 | 0 | 6.11 | 6.86 |
| Religion | 0 | 2 | 0 | 1 | 20 | 105 | 120.50 | 0 | 0 | 0.13 | 5.87 |
| Science - Biology | 0 | 2 | 0 | 1 | 20 | 93 | 93.50 | 0 | 0 | 3.57 | 6.78 |
| Philosophy | 0 | 2 | 0 | 0 | 20 | 124 | 124.50 | 0 | 1 | 0.07 | 10.74 |
| Literature - British | 0 | 1 | 0 | 0 | 10 | 70 | 70.00 | 0 | 1 | 4.48 | 7.27 |
| Fine Arts - Other | 0 | 1 | 1 | 0 | 5 | 55 | 55.00 | 1 | 1 | 5.18 | 9.09 |